The structure of personal influence of the Belgian holding companies (Registro nro. 27025)

Detalles MARC
000 -LEADER
fixed length control field 00381 a2200121 4500
001 - CONTROL NUMBER
control field ART_14769
005 - DATE AND TIME OF LATEST TRANSACTION
control field 20260410161913.0
008 - FIXED-LENGTH DATA ELEMENTS--GENERAL INFORMATION
fixed length control field 260409a
100 1# - MAIN ENTRY--PERSONAL NAME
Personal name Meeusen, Wim
245 10 - TITLE STATEMENT
Title The structure of personal influence of the Belgian holding companies
700 1# - ADDED ENTRY--PERSONAL NAME
Personal name Cuyvers, L.
773 0# - HOST ITEM ENTRY
Title European economic review
Related parts - Vol. 8, Nº 1 (jun. 1976)
Record control number REV13346

No hay ítems disponibles.